Le diner de cons : Auxerre ou OM - Statistiques

Statistiques générales
  • Ce quiz a été pris 84 fois
  • Le résultat moyen est 40 sur 138
Statistiques - réponses
Hint Réponse % Correct
à
100%
aux
80%
l'OM,
70%
l'OM
70%
l'OM !
70%
le
68%
Auxerre
58%
allez
53%
la
53%
ce
52%
chiottes
52%
Je
52%
Lucien Cheval Allo,
48%
il
48%
con
47%
François Pignon Lucien,
45%
mais
42%
François.
41%
te
38%
tu
38%
C'est
36%
c'est
36%
Cheval
33%
dans
33%
Dans
33%
et
33%
les
33%
oui,
33%
que
33%
se
33%
monsieur
30%
vous
30%
Oh,
29%
pas
29%
Brochant !
26%
un
26%
va
26%
Lucien Cheval Va
26%
Auxerrois,
24%
dit
24%
quel
24%
François Pignon Ah,
23%
François Pignon Ah
23%
Lucien Cheval Alors,
23%
Pierre Brochant Appelez
23%
connard,
23%
connard !
23%
des
23%
type !
23%
bien ?
20%
foutre,
20%
foutre !
20%
comment
18%
faire
18%
l'Auxerrois ?
18%
l'cul
18%
l'cul !
18%
qui
18%
soir,
18%
François Pignon Toi
18%
deux
17%
perdu
17%
perdu ?
17%
perdu,
17%
aussi,
15%
bites,
15%
j'écoute.
15%
petites
15%
vas
15%
buts
12%
j'suis
12%
rappelle.
12%
Tout
12%
tout
12%
voir,
12%
encore
11%
Merci
11%
prend
11%
puis
11%
s'est
11%
tiens !
11%
Bordeaux,
9%
cinq
9%
dernière
9%
guignols
9%
Lulu,
9%
peut-être ?
9%
premières
9%
s'arranger
9%
s'arranger.
9%
semaine
9%
déchirer
8%
fait
8%
gens
8%
hein.
8%
minutes
8%
François Pignon D'abord
6%
eh,
6%
foutres !
6%
Ahah,
5%
haha.
3%
Ecoutez-le
2%
Aucun quiz correspondant
Distribution des résultats
% des personnes avec chaque résultat
Percentile par nombre de réponses
Votre historique - résultats
Vous n’avez pas pris ce quiz